00442nam a2200169Ia 4500008004100000020001000041040001900051041001200070082002700082100001300109245003800122260002700160300002400187650002100211651003000232850001000262131103s9999 xx 000 0 und d cRs.12 aLoreto College aEnglish a940.1/DEYbLCLIB/17071 aDey,G.S. aEurope in the middle agecG.S.Dey aCalcuttabChayanc1967 aiv,252 p. c 22 cm. aMedieval History aEurope - Medieval History aLCLIB